| 000 | 00383nam a2200157Ia 4500 | ||
|---|---|---|---|
| 008 | 230524s9999 xx 000 0 und d | ||
| 082 |
_a5.133 _bCHA |
||
| 100 | _aDave Chaffey | ||
| 245 | 0 | _aE-Business and E-Commerce Management | |
| 250 | _a3RD | ||
| 260 |
_aNEW DELHI _bPearson _c2007 |
||
| 300 | _aXI;663 | ||
| 500 | _aQuantity Number: 5 | ||
| 650 | _aManagement | ||
| 942 | _cBK | ||
| 999 |
_c49336 _d49336 |
||